1612 1342 1890 1416 1918 1138 1035 1599 1717 1660 1962 1176 1465 1185 1637 1723 1780 1044 1026 1728 1008 1610 1291 1029 1263 1014 1806 1855 1548 1649 1317 1434 1435 1767 1938 1407 1359 1991 1225 1658 1711 1712 1864 1787 1607 1596 1806 1020 1508 1704 1281 1393 1126 1291 1404 1840 1622 1632 1118 1898 1853 1648 1523 1900 1455 1478 1713 1377 1254 1192 1618 1775 1583 1726 1824 1426 1116 1334 1743 1671 1837 1935 1019 1390 1980 1934 1614 1838 1113 1899 1186 1613 1400 1943 1181 1342 1762 1568 1588 BCNSPRNW ULIB Ver.6.0+V

เปลี่ยนเป็นภาษาไทย

Change to English
 แสดงรายละเอียดบรรณานุกรม
  กลับหน้าหลัก

Brief Record : Get Marc (ISO 2709) : E-mail record : QR code < ปิดหน้าต่าง
LEADER : 00000nam 2200000uu 4500
001    13399123779
003     ULIB
008    141127s2556||||th 000 0 tha d
020    ^a9786161117122
060    ^aWY159^bจ337ก
100 0  ^aจารุวรรณ สนองญาติ
245 10 ^aการพยาบาลโรคเลือดในเด็ก/^cจารุวรรณ สนองญาติ
260    ^aนนทบุรี :^bโครงการสวัสดิการวิชาการ สบช.,^c2556.
300    ^a190 หน้า :^bภาพประกอบ
500    ^aชื่อเรื่องจากปกนอก
650  7 ^aเด็ก^xโรค
650  7 ^aเลือด^xโรค^xในวัยทารกและเด็ก
650  7 ^aการพยาบาลกุมารเวชศาสตร์
710 2  ^aสถาบันพระบรมราชชนก.^bโครงการสวัสดิการวิชาการ สบช.
945    ^p230^l0^i21996
945    ^p230^l0^i21997
945    ^p230^l0^i21998
945    ^p230^l0^i21999
945    ^p230^l0^i22000
999    ^aทศพร เกษรทอง
รายการนี้ยังไม่มีแท็ก
คุณยังไม่ได้ล็อกอิน คุณสามารถมีกิจกรรมร่วมกับเว็บไซต์ได้ แต่ต้องล็อกอินก่อน ::
  ล็อกอิน

รายการสื่อสารสนเทศ

ลำดับที่ ประเภท เลขเรียก/บาร์โค้ด สถานที่ สถานะ
1. Book การพยาบาล
หนังสือสำรอง
สถานะ=หนังสือสำรอง
WY159 จ337ก ฉ.1 
  Barcode: 21996
ห้องสมุดวิทยาเขตนครสวรรค์
►หนังสือทั่วไป:l:General Books
บนชั้น
2. Book การพยาบาล
Book การพยาบาล
สถานะ=หนังสือเก่า
WY159 จ337ก ฉ.2 
  Barcode: 21997
ห้องสมุดวิทยาเขตนครสวรรค์
►ส่วนจัดเก็บหนังสือเก่า นว.
บนชั้น
  ขอยืม
3. Book การพยาบาล
Book การพยาบาล
WY159 จ337ก ฉ.3 
  Barcode: 21998
ห้องสมุดวิทยาเขตนครสวรรค์
►หนังสือทั่วไป:l:General Books
บนชั้น
4. Book การพยาบาล
Book การพยาบาล
สถานะ=หนังสือเก่า
WY159 จ337ก ฉ.4 
  Barcode: 21999
ห้องสมุดวิทยาเขตนครสวรรค์
►ส่วนจัดเก็บหนังสือเก่า นว.
บนชั้น
  ขอยืม
5. Book การพยาบาล
Book การพยาบาล
สถานะ=หนังสือเก่า
WY159 จ337ก ฉ.5 
  Barcode: 22000
ห้องสมุดวิทยาเขตนครสวรรค์
►ส่วนจัดเก็บหนังสือเก่า นว.
บนชั้น
  ขอยืม

รายการใกล้เคียง
    ผู้แต่ง [จารุวรรณ สนองญาติ]

    หัวเรื่อง [การพยาบาลกุมารเวชศาสตร์]

BibComment


ยังไม่เคยถูกคอมเมนท์

คอมเมนท์ทรัพยากรรายการนี้
  คอมเมนท์: การพยาบาลโรคเลือ..


 Copyright 2026. Bcnsprnw @Library